Adsorption
Kaydedildi:
| Yazar: | |
|---|---|
| Materyal Türü: | Kitap |
| Dil: | İngilizce |
| Baskı/Yayın Bilgisi: |
New York, USA
McGraw-Hill
1951
|
| Edisyon: | Segunda edición |
| Seri Bilgileri: | McGraw-Hill Chemical Engineering Series
|
| Konular: | |
| Etiketler: |
Etiketle
Etiket eklenmemiş, İlk siz ekleyin!
|
MARC
| LEADER | 00000nam a2200000 a 4500 | ||
|---|---|---|---|
| 001 | UCU3790 | ||
| 003 | CL-VaPUC | ||
| 005 | 20231010145022.0 | ||
| 008 | 960510e19510000US |||||||||||||||||eng|d | ||
| 999 | |c 247679 |d 247677 | ||
| 040 | |c Pontificia Universidad Católica de Valparaíso | ||
| 082 | 0 | 4 | |a 541.33 MAN 1951 |2 21 |
| 100 | |a Mantell, Charles L. |e autor |9 366758 | ||
| 245 | 1 | 0 | |a Adsorption |
| 250 | |a Segunda edición | ||
| 260 | o | 3 | |a New York, USA |b McGraw-Hill |c 1951 |
| 300 | |a 634 páginas. | ||
| 490 | 0 | |a McGraw-Hill Chemical Engineering Series | |
| 583 | |a last modification |c 19960510 00:00:00 |k Rodrigo Vera | ||
| 650 | 0 | |a Absorción |9 360464 | |
| 650 | 0 | |a Química |9 259896 | |
| 650 | 0 | |a Estados de la Materia |9 347141 | |
| 650 | 0 | |a Gases |9 260945 | |
| 650 | 0 | |a Líquidos |9 260946 | |
| 650 | 7 | |a IONES |2 CL-VaPUC |9 337399 | |
| 650 | 7 | |a PROPIEDADES TERMOQUIMICAS |2 CL-VaPUC |9 360478 | |
| 942 | |c BK |2 ddc | ||
| 945 | |d 19960510 00:00:00 |a paguirre | ||
| 952 | |0 0 |1 0 |2 ddc |4 0 |6 541_330000000000000_MAN_1951 |7 0 |8 A |9 263760 |a BIBING |b BIBING |d 2019-11-19 |i 1653717 |o 541.33 MAN 1951 |p 1653717 |r 2025-01-20 |t 1 |w 2019-11-19 |y BK |k ING | ||